Adendum de la monografía, Propuesta de diseño de un sistema de información para el apoyo a la toma de decisiones aplicado al programa de salud del dispensarizado social.

Presenta fundamentos teóricos, manual técnico, Manual de instalación, manual de usuario, plan de capacitación y la guía de inventario de hardware y software del SI - PECNT.

Bibliographic Details
Main Author: Tenorio Morales, María Consuelo
Other Authors: Tutor: Luna Molina, Magda Auxiliadora
Format: Tesis Section = Libro
Language:Undetermined
Spanish
Published: Managua UNI 2013
Subjects:
LEADER 00947nam a2200217Ia 4500
008 240830s9999 xx 000 0 und d
040 |a BIBLIOTECA-RUSB/ Mon 005.1 T312a 
041 |a spa 
082 |a Mon 005.1 T312a 
100 1 |a Tenorio Morales, María Consuelo 
245 1 0 |a Adendum de la monografía, Propuesta de diseño de un sistema de información para el apoyo a la toma de decisiones aplicado al programa de salud del dispensarizado social. 
260 |a Managua  |b UNI  |c 2013 
300 |a 182 p. :il. 
502 |a Tesis (Ingeniero en Computación) - UNI, 2013. 
520 3 |a Presenta fundamentos teóricos, manual técnico, Manual de instalación, manual de usuario, plan de capacitación y la guía de inventario de hardware y software del SI - PECNT. 
650 7 |a INGENIERIA DE SOFTWARE 
650 7 |b  MANUALES TÉCNICOS 
700 1 |a Tutor:  |b Luna Molina, Magda Auxiliadora 
942 |c BK  |2 ddc 
991 |a TESIS 
999 |c 19705